Supplementary volume /

Bibliographic Details
Previous Title:Supplementary paper (British School at Athens)
Uniform Title:Supplementary volume (British School at Athens : Online)
Corporate Author: British School at Athens
Format: Serial
Language:English
Published: London : British School of Archaeology at Athens, 1966-
Subjects:
Online Availability: Check for online availability

MARC

Tag First Indicator Second Indicator Subfields
LEADER 00000cas a2200000 a 4500
001 in00002784047
005 20151202172131.0
006 m o d
007 cr |||||||||||
008 110722c19669999enk x moo 0 0eng c
010 |a  2011234209 
022 |l 1464-0813  |y 1464-0813 
029 1 |a NZ1  |b 13853845 
029 1 |a AU@  |b 000047558101 
035 |a (OCoLC)ocn742059337 
035 |a (OCoLC)742059337 
040 |a EYM  |c EYM  |d HLS  |d OCLCQ  |d TXA  |d UtOrBLW 
042 |a pcc 
043 |a e-gr--- 
049 |a TXAM 
050 1 4 |a DF11  |b .B62 Electronic 
130 0 |a Supplementary volume (British School at Athens : Online) 
245 1 0 |a Supplementary volume /  |c British School of Archaeology at Athens. 
264 1 |a London :  |b British School of Archaeology at Athens,  |c 1966- 
310 |a Irregular 
336 |a text  |b txt  |2 rdacontent 
337 |a computer  |b c  |2 rdamedia 
338 |a online resource  |b cr  |2 rdacarrier 
362 1 |a Began with: No. 3, published in 1966. 
500 |a Publisher name varies: Volumes for 1981, 1986, and 1995- published by British School at Athens. 
588 |a Description based on: No. 3, published in 1966; title from PDF title page (JSTOR, viewed July 22, 2011). 
588 |a Latest issue consulted: No. 43, published in 2007 (JSTOR, viewed July 22, 2011). 
500 |a Electronic resource. 
650 0 |a Classical antiquities. 
651 0 |a Greece  |x Antiquities. 
650 0 |a Archaeology  |z Greece. 
710 2 |a British School at Athens. 
776 0 8 |i Print version:  |t Supplementary volume (British School at Athens)  |w (DLC)sn 93033433  |w (OCoLC)9843561 
780 0 0 |t Supplementary paper (British School at Athens)  |w (DLC) 2011234210  |w (OCoLC)742057861 
948 |a cataloged  |b h  |c 2012/12/18  |d c  |e spoltoratski  |f 1:15:54 pm  |g sc 
994 |a C0  |b TXA 
999 |a MARS 
999 f f |s 75d9bef3-9b4e-3fdc-b2e3-2113fd6422d4  |i e156b684-47d2-3d1a-bd82-12178684eb56  |t 0 
952 f f |a Texas A&M University  |b College Station  |c Electronic Resources  |d Available Online  |t 0  |e DF11 .B62  |g Electronic  |h Library of Congress classification 
998 f f |a DF11 .B62  |t 0  |l Available Online